000 00616njm a2200181 i 4500
001 C2-0255175
003 PPAK
005 20180729152224.0
008 040522s2002 my |||| ||||| | may d
040 _aPPAK
_beng
_cPPAK
_erda
245 0 0 _aWayang Kulit Seri Asun
264 1 _aAlor Setar, Kedah :
_bPerbadanan Perpustakaan Awam Kedah ,
_c2002
336 _2rdacontent
_atext
337 _2rdamedia
_aunmediated
338 _2rdacarrier
_avolume
500 _aMempunyai transkripsi ; Dirakamkan pada 01/08/2002 ; Temubual bersama En. Abdul Majid bin Mohd Noh bertempat di Kampung Kunluang, Asun.
942 _ddc
_cB
999 _c163300
_d163300